| 000 | 01811nam0a2200349 4500 | ||
|---|---|---|---|
| 001 | RU\NLR\bibl\219313 | ||
| 005 | 20250619103712.0 | ||
| 010 |
_a5-89354-065-4 _9500 |
||
| 021 |
_aRU _b2001-35805 _91702 |
||
| 035 | _a(NLR Aleph) 000215388 | ||
| 090 |
_a1250996 _c1250996 |
||
| 100 | _a20020104d2001 |||y0rusy50 ca | ||
| 101 | 0 | _arus | |
| 102 | _aRU | ||
| 105 | _aa ||||||||| | ||
| 200 | 1 |
_aИндустриальное буродобивное фундаментостроение в Норильске _fД.С. Бакшеев _gОтв. ред. - науч. консультант Засл. деятель науки РФ, действ. чл. РИА, проф., д.т.н. И.К. Растегаев _gРос. инженер. акад., Фонд развития технологий Севера |
|
| 210 |
_aМ. _cСИП РИА _d2001 |
||
| 215 |
_a213 с. _d21 |
||
| 300 | _aНа с. 213 авт.: Бакшеев Д.М. к.т.н., действ. чл. Рос. и Междунар. инженер. акад., засл. строитель Рос. Федерации, засл. инженер России | ||
| 320 | _aБиблиогр.: с. 170-182 | ||
| 606 | 0 |
_aСвайные фундаменты буронабивные _xСтроительство _yНорильск, г. _92231994 _3RU\NLR\auth\661339641 |
|
| 606 | 0 |
_aСвайные фундаменты на вечно-мерзлых грунтах _xСтроительство _91619029 _3RU\NLR\auth\661012431 |
|
| 675 |
_a69:681.51 _v3 _zrus |
||
| 686 |
_a38.626:38.58 _2rubbk |
||
| 686 | _aН582.915.2 | ||
| 700 | 1 |
_aБакшеев _bД. С. _f1951- _gДмитрий Семенович _4070 |
|
| 801 | 0 |
_aRU _bRKP _c20020104 _gPSBO |
|
| 801 | 1 |
_aRU _bRKP _c20020104 |
|
| 801 | 2 |
_aRU _bNLR _c20020206 _grcr |
|
| 942 | _cBOOK | ||
| 980 | _aNB | ||